000 nam a22 7a 4500
999 _c9339
_d9339
008 180127b ||||| |||| 00| 0 eng d
100 _aDalwai,H
_95589
245 _aFuel
260 _aNew Delhi
_bNBT
_c2006